Normal view
MARC view
Entry Topical Term
001 - CONTROL NUMBER
- control field: 2701
003 - CONTROL NUMBER IDENTIFIER
- control field: BD-RjUL
005 - DATE AND TIME OF LATEST TRANSACTION
- control field: 20220423142040.0
008 - FIXED-LENGTH DATA ELEMENTS
- fixed length control field: 220423|| aca||aabn | a|a d
040 ## - CATALOGING SOURCE
- Original cataloging agency: BD-RjUL
- Transcribing agency: BD-RjUL
150 ## - HEADING--TOPICAL TERM
- Topical term or geographic name entry element: Criminal procedure
- Geographic subdivision: Bangladesh
670 ## - SOURCE DATA FOUND
- Source citation: Work cat.: (BD-RjUL)79580: Hannan, Mohammad Abdul 1923, Human rights of the accused under international Law and municipal Law :, 2005